Sovremennyje problemy matematiki : Tom 7
Salvato in:
| Natura: | Libro |
|---|---|
| Lingua: | russo |
| Pubblicazione: |
Moskva :
VINITI,
1975
|
| Tags: |
Nessun Tag, puoi essere il primo ad aggiungerne!!
|
MARC
| LEADER | 00000nam a22000003a 4500 | ||
|---|---|---|---|
| 001 | stu200217 | ||
| 005 | 20141123045945.6 | ||
| 008 | 100226s1975----xxr-----------------rus-d | ||
| 040 | |a STU |b slo | ||
| 041 | 0 | |a rus | |
| 044 | |a xxr | ||
| 080 | |a 517.5 | ||
| 245 | |a Sovremennyje problemy matematiki : |b Tom 7 | ||
| 260 | |a Moskva : |b VINITI, |c 1975 | ||
| 300 | |a 295 s | ||
| 996 | |b E38004 |c E*38004 |l EE03 |s P |a 0 |w stu200217_0003 | ||